000 00816nam a2200241Ia 4500
003 OSt
005 20221005113306.0
006 a|||||r|||| 00| 0
007 ta
008 221004b |||||||| |||| 00| 0 pan d
020 _a817380673X (hbk)
_c200
024 _a106213
037 _b517, 02/02/2011, H.K. Prakashan
_cTextual
040 _aCRL
_cCRL
_bpan
041 _2pan
_apan
082 _aQ8441:g, 153P8
100 _aਦਰਨ ਸਿੰਘ
245 0 _aਧਰਮ ਅਧਿਐਨ ਅਤੇ ਸਿੱਖ ਅਧਿਐਨ
260 _aਪਟਿਆਲਾ
_bਪੰਜਾਬੀ ਯੂਨੀਵਰਸਿਟੀ ਭਾਰਤ
_c2008
300 _a232ਪੰ
_ccm.
942 _hQ8441:g, 153P8
_cTEXL
_2cc
999 _c1027682
_d1027682